| 000 | 01092nam a2200229Ii 4500 | ||
|---|---|---|---|
| 003 | JO-AjNU | ||
| 008 | 230605s9999||||xx |||||||||||||| ||und|| | ||
| 017 | _a2013/6/2749 | ||
| 020 | _a978-1-56564-627-8 | ||
| 040 |
_aJO-AjNU _bara _erda _cJO-AjNU |
||
| 041 | _aara | ||
| 050 | 1 | 4 | _aB741.I85 2014 |
| 100 | 3 |
_aتحرير ملكاوي، فتحي حسن،تحرير عكاشة، رائد جميل، تحرير أبو صعيليك، عبد الرحمن, _eauthor _952259 |
|
| 245 | 0 | 0 | _aإسماعيل الفاروقي واسهاماته في الإصلاح الفكري الإسلامي المعاصر |
| 250 | _aط1 | ||
| 264 | 3 | 1 | _aفرجينيا:المعهد العالمي للفكر الاسلامي ،2014 |
| 300 |
_a800ص _bيشتمل على كشاف من ص(783-800) |
||
| 336 |
_atext _btxt _2rdacontent |
||
| 337 |
_aunmediated _bn _2rdamedia |
||
| 338 |
_avolume _bnc _2rdacarrier |
||
| 650 | 4 |
_aاسماعيل الفاروقي -حركات الاصلام- دراسات اسلامية - الفكر الاسلامي النعاصر - التجديد - تراجم واعلام _952260 |
|
| 999 |
_aA23139 _c26707 _d26707 |
||